|
|
|
|
| LEADER |
00895nam a2200253Ia 4500 |
| 008 |
240830s9999 xx 000 0 und d |
| 020 |
|
|
|a 968-18-5719-4
|
| 040 |
|
|
|a B-ESTELÍ- RUACS / 362.5 B823
|
| 041 |
|
|
|a spa
|
| 082 |
|
|
|a 362.5 B823
|
| 100 |
1 |
|
|a Herrera Pérez, Enrique
|
| 245 |
1 |
0 |
|a Contribuciones potenciales a la agenda de los ODM desde la perspectiva de la CIPD : Una guía de referencia a la evidencia para el diálogo sobre políticas en la región de ALC
|
| 260 |
|
|
|a México
|b Limusa/Noriega
|c 2001
|
| 300 |
|
|
|a 283 p. :il
|
| 650 |
7 |
|
|a INGENIERÍA DE COMUNICACIONES
|
| 650 |
7 |
|
|b ANÁLISIS DE SEÑALES
|
| 650 |
7 |
|
|c TRANSFORMACIONES DE FOURIER
|
| 650 |
7 |
|
|d ENERGIA Y POTENCIA DE LAS SEÑALES
|
| 650 |
7 |
|
|e MODULACION DE AMPLITUD
|
| 650 |
7 |
|
|f MODUILACION EN FRECUENCIA
|
| 650 |
7 |
|
|g TRANSMISION DE SEÑALES
|
| 942 |
|
|
|c BK
|2 ddc
|
| 991 |
|
|
|a TEXTO
|
| 999 |
|
|
|c 10811
|